000 00757nam a22002177a 4500
999 _c809
_d809
003 AR-CdUCM
008 190225b ||||| |||| 00| 0 spa d
040 _aMUNICIPALIDAD PROVINCIAL DEL CUSCO
_cBIBLIOTECA MUNICIPAL DEL CUSCO
082 _a398.312 /
_bT22
100 _aTarazona Negreiros, Luis
_93074
245 _aIchic Ollgo /
_cTarazona Negreiros, Luis
260 _aLima :
_bEDDILI,
_c1989.
300 _a70 paginas ;
_c25cm.
_bil, .
505 _aJuegos chistes y adivinanzas -- Leyendas -- Cuentos -- Canciones populares
650 _aEl puma y el zorro
_93075
650 _aLa caza de los venados
_93076
650 _aEl venadito de la puna
_93077
650 _aJuegos populares infantiles
_93078
942 _2ddc
_cLIBROS
945 _apjha
_d2019-02-25